Global business library : writing to get action

Bibliographic Details
Main Author: Chambers, Dennis
Format: Book
Published: New Delhi : Gemini Books , 2000
Series:Global Business Library
Subjects:

MARC

LEADER 00000cam a2200000 7i4500
001 0000046890
005 20010723.0
020 |a 8174390448 
090 0 0 |a 808.06665   |b CHA 
100 1 |a Chambers, Dennis 
245 1 0 |a Global business library :   |b writing to get action   |c Dennis Chambers 
255 |a Vo. 24 
260 |a New Delhi :   |b Gemini Books ,   |c 2000 
300 |a 95p. ;   |c 22cm. 
490 0 |a Global Business Library 
650 0 0 |a Business writing 
999 |a 00107104   |b BUKU   |c PINJAMAN   |e PERPUSTAKAAN KOMUNITI PETALING JAYA